UBT Library

Physiological Basis for Exercise and Sport (Record no. 58248)

000 -LEADER
fixed length control field 00323nam a22001337a 4500
008 - FIXED-LENGTH DATA ELEMENTS--GENERAL INFORMATION
fixed length control field 211018b ||||| |||| 00| 0 eng d
020 ## - INTERNATIONAL STANDARD BOOK NUMBER
International Standard Book Number 9780697259042
041 ## - LANGUAGE CODE
Language code of text/sound track or separate title eng
080 ## - UNIVERSAL DECIMAL CLASSIFICATION NUMBER
Edition identifier 615.83
Universal Decimal Classification number 615.83
--
100 ## - Rafti
Rafti 8
101 ## - Shkurtesa
Shkurtesa EGZ
245 ## - TITLE STATEMENT
Title Physiological Basis for Exercise and Sport
Statement of responsibility, etc Foss,M.L
942 ## - ADDED ENTRY ELEMENTS (KOHA)
Source of classification or shelving scheme
Item type Books
Holdings
Withdrawn status Lost status Source of classification or shelving scheme Damaged status Not for loan Collection code Permanent location Current location Shelving location Date acquired Total Checkouts Full call number Barcode Date last seen Price effective from Koha item type
          Koleksioni i përgjithshem UBT - Lipjan UBT - Lipjan Koleksioni i përgjithshem 10/18/2021   615.83 FOSS 002-80002647 10/18/2021 10/18/2021 Books
UBT Library © 2015-2024. All rights reserved University Education for Business and Technology